North American Capitals - Statistics

General Stats
  • This quiz has been taken 34,572 times
    29,972 since last reset
  • The average score is 15 of 23
Answer Stats
Country Capital % Correct
Mexico Mexico City
92%
United States of America Washington D.C
92%
Canada Ottawa
91%
Cuba Havana
85%
Panama Panama City
79%
Saint Vincent and the Grenadines Kingstown
78%
El Salvador San Salvador
78%
Jamaica Kingston
77%
Guatemala Guatemala City
76%
Costa Rica San José
69%
Haiti Port-au-Prince
68%
Bahamas Nassau
65%
Dominican Republic Santo Domingo
63%
Antigua and Barbuda St. John's
59%
Belize Belmopan
57%
Nicaragua Managua
57%
Trinidad and Tobago Port of Spain
57%
Barbados Bridgetown
56%
Grenada St. George's
51%
Honduras Tegucigalpa
51%
Dominica Roseau
46%
Saint Lucia Castries
39%
Saint Kitts and Nevis Basseterre
37%
No matching quizzes found
Score Distribution
Percent of People with Each Score
Percentile by Number Answered
Your Score History
You have not taken this quiz since the last reset